Poznámky k literatuře. I /
Uložené v:
| Hlavný autor: | |
|---|---|
| Ďalší autori: | , |
| Médium: | Kniha |
| Jazyk: | Czech German |
| Vydané: |
Praha :
Univerzita Karlova, nakladatelství Karolinum,
2024.
|
| Vydanie: | První české vydání |
| Edícia: | Myšlení současnosti
|
| Témy: | |
| ISBN: |
9788024655741 |
| Fyzický popis: |
311 strán ; 20 cm. |
| Tagy: |
Pridať tag
Žiadne tagy, Buďte prvý kto otaguje tento záznam!
|
Titul je dostupný aj v ... 

MARC
| LEADER | 00000nam a2200000 i 4500 | ||
|---|---|---|---|
| 001 | 000713021 | ||
| 005 | 20240520072359.0 | ||
| 008 | 240424s2024 xr g 000 0 cze d | ||
| 020 | |a 9788024655741 |q (brožované) | ||
| 040 | |a SVKKK |b slo |c SVKKK |e rda | ||
| 041 | 1 | |a cze |h ger | |
| 043 | |a e-gx--- | ||
| 044 | |a xr |c CZ | ||
| 072 | 7 | |a 101 |x Filozofia |2 konspekt | |
| 080 | |a 101-051 |2 2011 | ||
| 080 | |a 82-95 |2 2011 | ||
| 080 | |a 82.07 |2 2011 | ||
| 080 | |a 82:101 |2 2011 | ||
| 080 | |a (430) |2 2011 | ||
| 080 | |a (0:82-4) |2 2011 | ||
| 100 | 1 | |a Adorno, Theodor W., |d 1903-1969 |4 aut | |
| 240 | 1 | 0 | |a Noten zur Literatur. |l Česky |
| 245 | 1 | 0 | |a Poznámky k literatuře. |n I / |c Theodor W. Adorno ; přeložili Alžběta Dyčková a Marek Kettner. |
| 250 | |a První české vydání | ||
| 264 | 1 | |a Praha : |b Univerzita Karlova, nakladatelství Karolinum, |c 2024. | |
| 300 | |a 311 strán ; |c 20 cm. | ||
| 336 | |a text |b txt |2 rdacontent | ||
| 337 | |a bez média |b n |2 rdamedia | ||
| 338 | |a zväzok |b nc |2 rdacarrier | ||
| 490 | 1 | |a Myšlení současnosti | |
| 500 | |a Preložené z nemčiny | ||
| 500 | |a Obsahuje slovník | ||
| 504 | |a Obsahuje bibliografiu a bibliografické odkazy | ||
| 600 | 1 | 7 | |a Adorno, Theodor W., |d 1903-1969 |2 SVKKKMA |
| 648 | 7 | |a 20. storočie |2 SVKKKPH | |
| 648 | 7 | |a 20th century |2 SVKKKPHeng | |
| 650 | 0 | 7 | |a filozofi |2 SVKKKPH |
| 650 | 0 | 7 | |a literárna kritika |2 SVKKKPH |
| 650 | 0 | 7 | |a interpretácia a prijatie literárneho diela |2 SVKKKPH |
| 650 | 0 | 7 | |a literatúra a filozofia |2 SVKKKPH |
| 650 | 0 | 7 | |a philosophers |2 SVKKKPHeng |
| 650 | 0 | 7 | |a literary criticism |2 SVKKKPHeng |
| 650 | 0 | 7 | |a interpretation and reception of literature |2 SVKKKPHeng |
| 650 | 0 | 7 | |a literature and philosophy |2 SVKKKPHeng |
| 651 | 7 | |a Nemecko |2 SVKKKPH | |
| 651 | 7 | |a Germany |2 SVKKKPHeng | |
| 655 | 7 | |a eseje |2 SVKKKPH | |
| 655 | 7 | |a úvahy |2 SVKKKPH | |
| 655 | 7 | |a essays |2 SVKKKPHeng | |
| 700 | 1 | |a Dyčková, Alžběta |4 trl | |
| 700 | 1 | |a Kettner, Marek |4 trl | |
| 830 | 0 | |a Myšlení současnosti | |
| 910 | |a svkkk | ||
| 919 | |a 978-80-246-5574-1 | ||
| 998 | |a BK | ||
| 090 | |g SCKHL |k Sklad Hlavná 10 prízemie |a I.88375 |j 1128532 |i 2721103938 |s Absenčne | ||